[Event "CZE-ch U12"]
[Site "Kouty nad Desnou"]
[Date "2024.03.16"]
[Round "9"]
[White "Novotny, Adam1"]
[Black "Havlik, David"]
[Result "0-1"]
[WhiteElo "1558"]
[BlackElo "1580"]
[PlyCount "52"]
[EventDate "2024.03.09"]
[EventType "swiss"]
[EventRounds "9"]
[EventCountry "CZE"]
[SourceTitle "CB12_2024"]
[SourceDate "2023.10.01"]
[SourceVersion "1"]
[SourceVersionDate "2023.10.01"]
[SourceQuality "1"]

1. e4 c5 2. Nf3 e6 3. d4 cxd4 4. Nxd4 Nf6 5. Nc3 Nc6 6. Be3 Bb4 7. Bd3 d5 8. f3 0-0 9. 0-0 Bc5 10. Bb5 e5 11. Nf5 Bxe3+ 12. Nxe3 d4 13. Bxc6 bxc6 14. Qe2 dxc3 15. bxc3 Nh5 16. Rfd1 Qg5 17. g3 f5 18. exf5 Bxf5 19. Nxf5 Rxf5 20. g4 Nf4 21. Qc4+ Kh8 22. Qxc6 Raf8 23. Qa6 Nh3+ 24. Kg2 Rxf3 25. Qc4 R3f4 26. Qd3 Rxg4+ 0-1

[Event "CZE-ch U12"]
[Site "Kouty nad Desnou"]
[Date "2024.03.15"]
[Round "8"]
[White "Havlik, David"]
[Black "Kala, Jakub"]
[Result "0-1"]
[WhiteElo "1580"]
[BlackElo "1750"]
[PlyCount "82"]
[EventDate "2024.03.09"]
[EventType "swiss"]
[EventRounds "9"]
[EventCountry "CZE"]
[SourceTitle "CB12_2024"]
[SourceDate "2023.10.01"]
[SourceVersion "1"]
[SourceVersionDate "2023.10.01"]
[SourceQuality "1"]

1. Nf3 Nf6 2. g3 e6 3. Bg2 d5 4. c4 Be7 5. d4 0-0 6. Nc3 b6 7. 0-0 Bb7 8. Bf4 c5 9. dxc5 Bxc5 10. cxd5 Nxd5 11. Nxd5 Bxd5 12. Qc2 h6 13. Rfd1 Qe7 14. e4 Bb7 15. a3 Rc8 16. Qe2 a5 17. Rd2 Nc6 18. Rad1 Ba6 19. Qe1 Ra7 20. Be3 e5 21. Bxc5 bxc5 22. Bh3 Rcc7 23. Bf1 Nd4 24. Nxd4 cxd4 25. Bxa6 Rxa6 26. Rc1 Rac6 27. Rxc6 Rxc6 28. Rd3 Qc7 29. Kg2 Kh7 30. Qd1 Rc2 31. Rb3 Qc6 32. Qf3 Qd7 33. Qd3 Qc7 34. Qf3 Rc1 35. Rb5 Qc4 36. Qf5+ g6 37. Qxe5 Qf1+ 38. Kf3 Rc2 39. Rb3 Rxf2+ 40. Kg4 f5+ 41. exf5 gxf5+ 0-1